Κατάλογος Βιβλιοθηκών Mediterranean College

Fortran IV with Watfor and Watfiv (Record no. 3567)

MARC details
000 -LEADER
fixed length control field 01016cam a22002174a 4500
005 - ΗΜΕΡΟΜΗΝΙΑ ΚΑΙ ΩΡΑ ΤΕΛΕΥΤΑΙΑΣ ΕΝΗΜΕΡΩΣΗΣ
Πεδίο ελέγχου 20250605164119.0
008 - FIXED-LENGTH DATA ELEMENTS--GENERAL INFORMATION
Πεδίο ελέγχου σταθερού μήκους 250528s ||||||||||||||||||||||||d
035 ## - SYSTEM CONTROL NUMBER
System control number 18189
020 ## - ISBN
ISBN 133294331
040 ## - ΠΗΓΗ ΚΑΤΑΛΟΓΟΓΡΑΦΗΣΗΣ
Φορέας πρωτότυπης καταλογογράφησης MC Athens Campus Library
Γλώσσα καταλογογράφησης Ελληνικά, Μοντέρνα (1453-)
Modifying agency MC Athens Campus Library
Κανόνες περιγραφικής καταλογογράφησης AACR2
245 1# - ΤΙΤΛΟΣ ΚΑΙ ΔΗΛΩΣΗ ΥΠΕΥΘΥΝΟΤΗΤΑΣ
Τίτλος Fortran IV with Watfor and Watfiv
260 ## - PUBLICATION, DISTRIBUTION, ETC.
Name of publisher, distributor, etc. Prentice Hall,
Date of publication, distribution, etc. 1970
300 ## - PHYSICAL DESCRIPTION
Extent 448
520 ## - SUMMARY, ETC.
Summary, etc. This book covers all of FORTRAN IV for the IBM 360 at a pace and style which will appeal to all users regardless of their range of experience. Introduction to Fortran, Real Arithmetic, Integer Arithmetic, Mixed-Mode Arithmetic, Simple Input and Output, Control Statements, The Do Statement, Basic Format, Subprograms, Double Precision, Complex Operations, Character Manipulation, Advanced Format, Odds and Ends, Character Manipulation in Watfiv, Additional I/ O Features in Watfiv, Index.
700 1# - ΠΡΟΣΘΕΤΗ ΑΝΑΓΡΑΦΗ--ΦΥΣΙΚΟ ΠΡΟΣΩΠΟ
Personal name Cress Paul
9 (RLIN) 4480
700 1# - ΠΡΟΣΘΕΤΗ ΑΝΑΓΡΑΦΗ--ΦΥΣΙΚΟ ΠΡΟΣΩΠΟ
Personal name Dirksen Paul
9 (RLIN) 4481
700 1# - ΠΡΟΣΘΕΤΗ ΑΝΑΓΡΑΦΗ--ΦΥΣΙΚΟ ΠΡΟΣΩΠΟ
Personal name Graham Wesley J
9 (RLIN) 4482
942 ## - ADDED ENTRY ELEMENTS (KOHA)
Koha item type Books
Holdings
Τύπος τεκμηρίου Βιβλιοθήκη Τρέχουσα τοποθεσία Barcode Αριθμός εισαγωγής Ημερομηνία απόκτησης Ταξιθετικό σύμβολο Αριθμός αντιτύπου Κατάσταση απόσυρσης Κατάσταση χαμένου Κατάσταση κατεστραμμένου Μη δανεισμός Σύνολο δανεισμών Ημερομηνία τελευταίας εμφάνισης Η τιμή ισχύει από
Books MC Athens Campus Library MC Athens Campus Library 9780000035660 2382 05/06/2025 005.262 CRE 1           05/06/2025 05/06/2025

MC Athens Campus Library
Πατησίων 94 & Κοδριγκτώνος 13, 104 34
Πελλήνης 8 & Πατησίων 107, 112 51
Τ: +30 210 8899600

MC Thessaloniki Campus Library
Ίωνος Δραγούμη 21, 54625 | Ίωνος Δραγούμη 15, 54625
Τ: +30 2310 287779 – Τ: +30 2314 440300